000 01670nam a22002777a 4500
001 K121206
008 160218b2019 xxu||||| |||| 00| 0 eng d
041 _aeng
110 _aRoyal Institution of Chartered Surveyors
245 _aResponsible business in real estate
_bthe global challenge
_cIndustry leaders forum report
260 _aLondon
_bRICS
_c2019
300 _a22p
520 _aBrings together the recommendations of the RICS Responsible Business Leaders Forums through a series of case studies focusing social and environmental responsibility of business. Considers environmental, social and governance factors (ESG), outlines drivers for responsible business,, challenges, solutions and strategies. Concludes with a look at difference approaches and a series of measures for driving success including management and commitment, diversity and collaboration, well-being and employment, community and supplier engagement and environmental protection.
650 _aESG
650 _aResponsible business
650 _aUN Global Compact Advancing Responsible Business in Land, Construction and Real Estate Use and Investment
650 _aUN Global Compact
650 _aRICS UN Global Compact Responsible Business Toolkit
650 _aSustainable Facilities Management Index
650 _aWell-being
650 _aNet-carbon target
651 _aUnited Kingdom
690 _96226
_aBusiness and management
856 _uhttps://web.archive.org/web/20220522101656/https://www.rics.org/globalassets/rics-website/media/news/press-releases/rics-responsible-business-in-real-estate-report.pdf
_zAvailable on the web archive
942 _n0
999 _c121206
_d121206